Top 100 of All Time (Bleacher Report) - Statistics

General Stats
  • This quiz has been taken 30 times
  • The average score is 58 of 100
Answer Stats
Hint Answer % Correct
Cavs Lebron James
100%
Bulls Michael Jordan
100%
Celtics Bill Russell
92%
Bucks Kareem Abdul-Jabbar
92%
Warriors Wilt Chamberlain
92%
Lakers Jerry West
88%
Lakers Kobe Bryant
88%
Lakers Magic Johnson
88%
Lakers Shaquille O'Neal
88%
Warriors Stephen Curry
88%
Spurs Tim Duncan
88%
Mavs Dirk Nowitzki
85%
Rockets Hakeem Olajuwon
85%
Thunder Kevin Durant
85%
Timberwolves Kevin Garnett
85%
Bulls Scottie Pippen
85%
Bulls Dennis Rodman
81%
Heat Dwyane Wade
81%
Sixers Julius Erving
81%
Celtics Larry Bird
81%
Knicks Patrick Ewing
81%
Suns Charles Barkley
77%
Pistons Isiah Thomas
77%
Jazz John Stockton
77%
Celtics Paul Pierce
77%
Sixers Allen Iverson
73%
Knicks/Nuggets Carmelo Anthony
73%
Clippers Chris Paul
73%
Celtics Dennis Johnson
73%
Jazz Karl Malone
73%
Suns Kevin Johnson
73%
Sixers Moses Malone
73%
Suns Steve Nash
73%
Celtics Bob Cousy
69%
Trail Blazers Clyde Drexler
69%
Spurs David Robinson
69%
Nets Jason Kidd
69%
Celtics John Havlicek
69%
Spurs Manu Ginobili
69%
Royals Oscar Robertson
69%
Spurs Tony Parker
69%
Sonics David Thompson
65%
Magic Dwight Howard
65%
Lakers Elgin Baylor
65%
Sonics Gary Payton
65%
Spurs George Gervin
65%
Lakers James Worthy
65%
Bucks Ray Allen
65%
Pacers Reggie Miller
65%
Knicks Walt Frazier
65%
Hawks Bob Pettit
62%
Hawks Dominique Wilkins
62%
Celtics Kevin McHale
62%
Trail Blazers Lenny Wilkens
62%
Heat Tim Hardaway
62%
Magic Tracy McGrady
62%
Pistons Ben Wallace
58%
Lakers George Mikan
58%
Lakers Pau Gasol
58%
Celtics Robert Parish
58%
Bullets Wes Unseld
58%
Pistons Joe Dumars
54%
Raptors Vince Carter
54%
Bullets Elvin Hayes
50%
Warriors Rick Barry
50%
Nuggets Alex English
46%
Sixers Bobby Jones
46%
Raptors/Heat Chris Bosh
46%
Cavs Mark Price
46%
Celtics Sam Jones
46%
Bulls Artis Gilmore
42%
Knicks Bernard King
42%
Clippers Bill Walton
42%
Pistons Chauncey Billups
42%
Royals Tiny Archibald
42%
Kings Chris Webber
38%
Celtics Dave Cowens
38%
Hawks Dikembe Mutombo
38%
Nationals Dolph Schayes
38%
Pistons Grant Hill
38%
Jazz Adrian Dantley
35%
Warriors Chris Mullin
35%
Bucks Sidney Moncrief
35%
Warriors Paul Arizin
31%
Celtics Tom Heinsohn
31%
Sixers Billy Cunningham
27%
Knicks Dave DeBusschere
27%
Nationals Hal Greer
27%
Cavs Larry Nance
27%
Pistons Bob Lanier
23%
Celtics Bill Sharman
19%
Royals Jack Twyman
19%
Hawks Cliff Hagan
15%
Knicks Jerry Lucas
15%
Sixers Maurice Cheeks
15%
Celtics Paul Westphal
15%
Hawks Walt Bellamy
15%
Pacers Detlef Schrempf
8%
Warriors Mitch Ridmond
0%
Suns Shawn Marison
0%
No matching quizzes found
Score Distribution
Percent of People with Each Score
Percentile by Number Answered
Your Score History
You have not taken this quiz